Деятели русской культуры Серебряного века по портрету - Statistics

General Stats
  • This quiz has been taken 61 times
  • The average score is 13 of 43
Answer Stats
Picture Answer % Correct
Сергей Александрович Есенин
91%
Владимир Владимирович Маяковский
91%
Антон Павлович Чехов
89%
Лев Николаевич Толстой
89%
Александр Александрович Блок
83%
Марина Ивановна Цветаева
83%
Анна Андреевна Ахматова
83%
Максим Горький
77%
Михаил Афанасьевич Булгаков
70%
Николай Степанович Гумилев
57%
Борис Леонидович Пастернак
43%
Зинаида Николаевна Гиппиус
36%
Федор Иванович Шаляпин
32%
Николай Константинович Рерих
30%
Иван Алексеевич Бунин
28%
Осип Эмильевич Мандельштам
28%
Константин Сергеевич Станиславский
23%
Казимир Северинович Малевич
21%
Сергей Павлович Дягилев
19%
Константин Дмитриевич Бальмонт
17%
Валерий Яковлевич Брюсов
15%
Андрей Белый
15%
Михаил Александрович Врубель
15%
Демьян Бедный
13%
Кузьма Сергеевич Петров-Водкин
13%
Василий Васильевич Кандинский
11%
Александр Александрович Дейнека
11%
Александр Иванович Куприн
11%
Леонид Николаевич Андреев
11%
Евгений Иванович Замятин
9%
Игорь Северянин
9%
Михаил Васильевич Нестеров
9%
Савва Иванович Мамонтов
9%
Дмитрий Сергеевич Мережковский
6%
Федор Кузьмич Сологуб
6%
Борис Михайлович Кустодиев
6%
Валентин Александрович Серов
6%
Юрий Иванович Пименов
6%
Владимир Иванович Немирович-Данченко
4%
Петр Петрович Кончаловский
2%
Илья Иванович Машков
2%
Константин Алексеевич Коровин
0%
Александр Николаевич Бенуа
0%
No matching quizzes found
Score Distribution
Percent of People with Each Score
Percentile by Number Answered
Your Score History
You have not taken this quiz